|
|
|
|
| LEADER |
00000nam0a2200000 4500 |
| 001 |
365962 |
| 005 |
20231102011833.0 |
| 035 |
|
|
|a (RuTPU)RU\TPU\retro\23325
|
| 090 |
|
|
|a 365962
|
| 100 |
|
|
|a 20220126d1961 m y0rusy50 ca
|
| 101 |
0 |
|
|a rus
|
| 102 |
|
|
|a RU
|
| 105 |
|
|
|a a z 000zy
|
| 200 |
1 |
|
|a Шесть золотых гнезд
|f Ю. А. Арбат
|
| 210 |
|
|
|a Москва
|c Московский рабочий
|d 1961
|
| 215 |
|
|
|a 232 с.
|c ил.
|
| 606 |
1 |
|
|a Декоративно-прикладное искусство
|2 stltpush
|3 (RuTPU)RU\TPU\subj\9017
|9 36311
|
| 610 |
1 |
|
|a народные промыслы
|
| 610 |
1 |
|
|a Подмосковье
|
| 610 |
1 |
|
|a резьба по дереву
|
| 610 |
1 |
|
|a игрушки
|
| 610 |
1 |
|
|a матрешки
|
| 610 |
1 |
|
|a лаковые миниатюры
|
| 610 |
1 |
|
|a живопись по металлу
|
| 610 |
1 |
|
|a жостовские подносы
|
| 610 |
1 |
|
|a резьба по кости
|
| 675 |
|
|
|a 745
|v 4
|
| 700 |
|
1 |
|a Арбат
|b Ю. А.
|g Юрий Андреевич
|
| 801 |
|
1 |
|a RU
|b 63413507
|c 20220126
|
| 801 |
|
2 |
|a RU
|b 63413507
|c 20230310
|g RCR
|
| 942 |
|
|
|c BK
|